Loading...

Annual plan :progress report. 1968-69.

Bibliografiske detaljer
Hovedforfatter: Palnning commission
Format: Printed Book
Udgivet: New Delhi : Planning Commission,Govet.Of India., 1969.
Fag:
LEADER 00492nam a22001337a 4500
082 |a 338.954  |b ANN 
100 |a Palnning commission. 
245 |a Annual plan :progress report. 1968-69. 
260 |a New Delhi :  |b Planning Commission,Govet.Of India.,  |c 1969. 
300 |a 245p.; 
650 |a Development economics.  |v planning.  |z India. 
942 |c BK 
999 |c 100762  |d 100762 
952 |0 0  |1 0  |4 0  |6 338_954000000000000_ANN  |7 0  |9 94164  |a SSS  |b SSS  |c CAS  |d 2012-05-18  |l 0  |o 338.954 ANN  |p SSSMK1494  |r 2012-05-18  |w 2012-05-18  |y BK